Statistics for Shark Species

Click here to take the quiz!

General Stats

  • This quiz has been taken 131 times
  • The average score is 17 of 536

Answer Stats

OrderFamilyGenusSpeciesCommon Name% Correct
LamniformesLamnidaeCarcharodoncarchariasGreat White Shark
98%
CarcharhiniformesCarcharhinidaeGaleocerdocuvierTiger Shark
87%
OrectolobiformesRhincodontidaeRhincodontypusWhale Shark
83%
LamniformesLamnidaeIsurusoxyrinchusShortfin Mako Shark
69%
CarcharhiniformesCarcharhinidaeCarcharhinusleucasBull Shark
67%
CarcharhiniformesCarcharhinidaeCarcharhinuslimbatusBlacktip Shark
61%
CarcharhiniformesCarcharhinidaePrionaceglaucaBlue Shark
61%
LamniformesCetorhinidaeCetorhinusmaximusBasking Shark
54%
SqualiformesSomniosidaeSomniosusmicrocephalusGreenland Shark
54%
LamniformesMitsukurinidaeMitsukurinaowstoniGoblin Shark
52%
OrectolobiformesGinglymostomatidaeGinglymostomacirratumNurse Shark
52%
CarcharhiniformesCarcharhinidaeNegaprionbrevirostrisLemon Shark
48%
LamniformesAlopiidaeAlopiasvulpinusCommon Thresher
46%
LamniformesOdontaspididaeCarchariastaurusSand Tiger Shark
43%
SqualiformesDalatiidaeIsistiusbrasiliensisCookiecutter Shark
41%
CarcharhiniformesCarcharhinidaeTriaenodonobesusWhitetip Reef Shark
39%
OrectolobiformesStegostomatidaeStegostomatigrinumZebra Shark
37%
SquatiniformesSquatinidaeSquatinasquatinaAngelshark
33%
CarcharhiniformesTriakidaeTriakissemifasciataLeopard Shark
31%
LamniformesMegachasmidaeMegachasmapelagiosMegamouth Shark
30%
CarcharhiniformesTriakidaeMusteluscanisDusky Smooth-hound
28%
CarcharhiniformesSphyrnidaeSphyrnamokarranGreat Hammerhead
28%
PristiophoriformesPristiophoridaePristiophoruscirratusLongnose Sawshark
28%
CarcharhiniformesCarcharhinidaeCarcharhinuslongimanusOceanic Whitetip Shark
26%
HexanchiformesChlamydoselachidaeChlamydoselachusanguineusFrilled Shark
20%
CarcharhiniformesSphyrnidaeSphyrnatiburoBonnethead
19%
LamniformesLamnidaeLamnaditropisSalmon Shark
19%
CarcharhiniformesSphyrnidaeSphyrnalewiniScalloped Hammerhead
17%
CarcharhiniformesCarcharhinidaeCarcharhinusfalciformisSilky Shark
17%
LamniformesLamnidaeLamnanasusPorbeagle
15%
CarcharhiniformesCarcharhinidaeCarcharhinusmelanopterusBlacktip Reef Shark
13%
CarcharhiniformesCarcharhinidaeCarcharhinusplumbeusSandbar Shark
13%
CarcharhiniformesCarcharhinidaeCarcharhinusalbimarginatusSilvertip Shark
13%
CarcharhiniformesSphyrnidaeSphyrnazygaenaSmooth Hammerhead
13%
CarcharhiniformesCarcharhinidaeCarcharhinuspereziCaribbean Reef Shark
11%
CarcharhiniformesCarcharhinidaeCarcharhinusobscurusDusky Shark
11%
CarcharhiniformesCarcharhinidaeCarcharhinusgalapagensisGalapagos Shark
11%
CarcharhiniformesCarcharhinidaeCarcharhinusamblyrhynchosGrey Reef Shark
11%
HeterodontiformesHeterodontidaeHeterodontusfrancisciHorn Shark
11%
HeterodontiformesHeterodontidaeHeterodontusportusjacksoniPort Jackson Shark
11%
LamniformesAlopiidaeAlopiassuperciliosusBigeye Thresher
9%
HexanchiformesHexanchidaeHexanchusgriseusBluntnose Sixgill Shark
9%
CarcharhiniformesCarcharhinidaeCarcharhinusbrachyurusCopper Shark
9%
LamniformesPseudocarchariidaePseudocarchariaskamoharaiCrocodile Shark
9%
CarcharhiniformesScyliorhinidaeCephaloscylliumisabellumDraughtboard Shark
9%
OrectolobiformesHemiscylliidaeHemiscylliumocellatumEpaulette Shark
9%
LamniformesLamnidaeIsuruspaucusLongfin Mako Shark
9%
SqualiformesSqualidaeSqualusacanthiasSpiny Dogfish
9%
SqualiformesCentrophoridaeCentrophorusgranulosusGulper Shark
7%
CarcharhiniformesScyliorhinidaePorodermaafricanumPyjama Shark
7%
CarcharhiniformesCarcharhinidaeCarcharhinusbrevipinnaSpinner Shark
7%
CarcharhiniformesSphyrnidaeEusphyrablochiiWinghead Shark
7%
CarcharhiniformesCarcharhinidaeCarcharhinusacronotusBlacknose Shark
6%
SqualiformesEtmopteridaeEtmopterusperryiDwarf Lanternshark
6%
CarcharhiniformesCarcharhinidaeRhizoprionodonacutusMilk Shark
6%
LamniformesAlopiidaeAlopiaspelagicusPelagic Thresher
6%
CarcharhiniformesTriakidaeGaleorhinusgaleusSchool Shark
6%
CarcharhiniformesHemigaleidaeHemipristiselongataSnaggletooth Shark
6%
SqualiformesSomniosidaeSomniosusantarcticusSouthern Sleeper Shark
6%
OrectolobiformesOrectolobidaeOrectolobusmaculatusSpotted Wobbegong
6%
CarcharhiniformesScyliorhinidaeCephaloscylliumventriosumSwell Shark
6%
OrectolobiformesOrectolobidaeEucrossorhinusdasypogonTasselled Wobbegong
6%
OrectolobiformesGinglymostomatidaeNebriusferrugineusTawny Nurse Shark
6%
LamniformesOdontaspididaeOdontaspisnoronhaiBigeye Sand Tiger
4%
HexanchiformesHexanchidaeNotorynchuscepedianusBroadnose Sevengill Shark
4%
OrectolobiformesHemiscylliidaeChiloscylliumpunctatumBrownbanded Bamboo Shark
4%
CarcharhiniformesSphyrnidaeSphyrnagilbertiCarolina Hammerhead
4%
CarcharhiniformesCarcharhinidaeGlyphisgangeticusGanges Shark
4%
CarcharhiniformesTriakidaeMustelusantarcticusGummy Shark
4%
CarcharhiniformesCarcharhinidaeCarcharhinuscautusNervous Shark
4%
SquatiniformesSquatinidaeSquatinacalifornicaPacific Angelshark
4%
SqualiformesSomniosidaeSomniosuspacificusPacific Sleeper Shark
4%
CarcharhiniformesCarcharhinidaeCarcharhinusamboinensisPigeye Shark
4%
SqualiformesEchinorhinidaeEchinorhinuscookeiPrickly Shark
4%
SqualiformesDalatiidaeEuprotomicrusbispinatusPygmy Shark
4%
CarcharhiniformesSphyrnidaeSphyrnacoronaScalloped Bonnethead
4%
CarcharhiniformesSphyrnidaeSphyrnatudesSmalleye Hammerhead
4%
HexanchiformesChlamydoselachidaeChlamydoselachusafricanaSouthern African Frilled Shark
4%
OrectolobiformesHemiscylliidaeChiloscylliumplagiosumWhitespotted Bamboo Shark
4%
SqualiformesDalatiidaeMollisquamamississippiensisAmerican Pocket Shark
2%
SqualiformesOxynotidaeOxynotuscentrinaAngular Roughshark
2%
OrectolobiformesHemiscylliidaeChiloscylliumarabicumArabian Carpetshark
2%
CarcharhiniformesCarcharhinidaeRhizoprionodonterraenovaeAtlantic Sharpnose Shark
2%
HexanchiformesHexanchidaeHexanchusvitulusAtlantic Sixgill Shark
2%
CarcharhiniformesHemigaleidaeParagaleuspectoralisAtlantic Weasel Shark
2%
PristiophoriformesPristiophoridaePristiophorusschroederiBahamas Sawshark
2%
CarcharhiniformesCarcharhinidaeCarcharhinusaltimusBignose Shark
2%
SqualiformesCentrophoridaeDeaniacalceaBirdbeak Dogfish
2%
SqualiformesEtmopteridaeCentroscylliumfabriciiBlack Dogfish
2%
CarcharhiniformesCarcharhinidaeCarcharhinussealeiBlackspot Shark
2%
OrectolobiformesBrachaeluridaeBrachaeluruswaddiBlind Shark
2%
OrectolobiformesBrachaeluridaeBrachaeluruscolcloughiBluegrey Carpetshark
2%
CarcharhiniformesCarcharhinidaeCarcharhinusborneensisBorneo Shark
2%
SqualiformesEchinorhinidaeEchinorhinusbrucusBramble Shark
2%
CarcharhiniformesCarcharhinidaeRhizoprionodonlalandiiBrazilian Sharpnose Shark
2%
CarcharhiniformesScyliorhinidaeHaploblepharusfuscusBrown Shyshark
2%
CarcharhiniformesScyliorhinidaeScyliorhinusretiferChain Catshark
2%
CarcharhiniformesScyliorhinidaeAtelomycterusmarmoratusCoral Catshark
2%
CarcharhiniformesCarcharhinidaeIsogomphodonoxyrhynchusDaggernose Shark
2%
SqualiformesCentrophoridaeCentrophorusharrissoniDumb Gulper Shark
2%
CarcharhiniformesCarcharhinidaeCarcharhinusamblyrhynchoidesGraceful Shark
2%
OrectolobiformesHemiscylliidaeChiloscylliumgriseumGrey Bamboo Shark
2%
CarcharhiniformesScyliorhinidaeApristuruslaurussoniiIceland Catshark
2%
PristiophoriformesPristiophoridaePristiophorusjaponicusJapanese Sawshark
2%
SqualiformesDalatiidaeDalatiaslichaKitefin Shark
2%
CarcharhiniformesScyliorhinidaeCephaluruscephalusLollipop Catshark
2%
CarcharhiniformesCarcharhinidaeGlyphisgarrickiNorthern River Shark
2%
OrectolobiformesGinglymostomatidaeGinglymostomaunamiPacific Nurse Shark
2%
CarcharhiniformesCarcharhinidaeRhizoprionodonlongurioPacific Sharpnose Shark
2%
CarcharhiniformesCarcharhinidaeScoliodonmacrorhynchosPacific Spadenose Shark
2%
SqualiformesDalatiidaeMollisquamapariniPocket Shark
2%
CarcharhiniformesScyliorhinidaeHaploblepharusedwardsiiPuffadder Shyshark
2%
SquatiniformesSquatinidaeSquatinaaculeataSawback Angelshark
2%
CarcharhiniformesSphyrnidaeSphyrnamediaScoophead
2%
SqualiformesCentrophoridaeCentrophorusseychellorumSeychelles Gulper Shark
2%
HexanchiformesHexanchidaeHeptranchiasperloSharpnose Sevengill Shark
2%
CarcharhiniformesCarcharhinidaeNegaprionacutidensSicklefin Lemon Shark
2%
CarcharhiniformesHemigaleidaeHemigaleusmicrostomaSicklefin Weasel Shark
2%
SqualiformesDalatiidaeSqualiolusaliaeSmalleye Pygmy Shark
2%
SqualiformesCentrophoridaeCentrophorusmoluccensisSmallfin Gulper Shark
2%
CarcharhiniformesScyliorhinidaeScyliorhinuscaniculaSmall-spotted Catshark
2%
CarcharhiniformesCarcharhinidaeCarcharhinusporosusSmalltail Shark
2%
LamniformesOdontaspididaeOdontaspisferoxSmalltooth Sand Tiger
2%
CarcharhiniformesCarcharhinidaeScoliodonlaticaudusSpadenose Shark
2%
CarcharhiniformesCarcharhinidaeGlyphisglyphisSpeartooth Shark
2%
CarcharhiniformesTriakidaeMustelusasteriasStarry Smooth-hound
2%
CarcharhiniformesHemigaleidaeParagaleustengiStraight-tooth Weasel Shark
2%
SqualiformesDalatiidaeEuprotomicroideszantedeschiaTaillight Shark
2%
SqualiformesEtmopteridaeEtmopterusspinaxVelvet Belly Lanternshark
2%
SqualiformesEtmopteridaeTrigonognathuskabeyaiViper Dogfish
2%
CarcharhiniformesCarcharhinidaeNasolamiaveloxWhitenose Shark
2%
HeterodontiformesHeterodontidaeHeterodontuszebraZebra Bullhead Shark
2%
SquatiniformesSquatinidaeSquatinaafricanaAfrican Angelshark
0%
PristiophoriformesPristiophoridaePristiophorusnancyaeAfrican Dwarf Sawshark
0%
SqualiformesEtmopteridaeEtmopteruspolliAfrican Lanternshark
0%
CarcharhiniformesProscylliidaeEridacnissinuansAfrican Ribbontail Catshark
0%
CarcharhiniformesScyliorhinidaeGaleuspolliAfrican Sawtail Catshark
0%
CarcharhiniformesTriakidaeMustelusandamanensisAndaman Smooth-hound
0%
SquatiniformesSquatinidaeSquatinaguggenheimAngular Angelshark
0%
SquatiniformesSquatinidaeSquatinaguggenheimAngular Angelshark
0%
PristiophoriformesPristiophoridaePliotremaannaeAnna's Sixgill Sawshark
0%
CarcharhiniformesScyliorhinidaeGaleusantillensisAntilles Catshark
0%
CarcharhiniformesScyliorhinidaeBythaelurusalcockiiArabian Catshark
0%
CarcharhiniformesTriakidaeMustelusmosisArabian Smooth-hound
0%
SquatiniformesSquatinidaeSquatinaargentinaArgentine Angelshark
0%
SqualiformesCentrophoridaeDeaniaprofundorumArrowhead Dogfish
0%
SqualiformesSqualidaeSqualuslobularisAtlantic Lobefin Dogfish
0%
CarcharhiniformesScyliorhinidaeGaleusatlanticusAtlantic Sawtail Catshark
0%
SquatiniformesSquatinidaeSquatinaaustralisAustralian Angelshark
0%
CarcharhiniformesCarcharhinidaeCarcharhinuscoatesiAustralian Blackspot Shark
0%
CarcharhiniformesScyliorhinidaeAulohalaeluruslabiosusAustralian Blackspotted Catshark
0%
CarcharhiniformesCarcharhinidaeCarcharhinustilstoniAustralian Blacktip Shark
0%
CarcharhiniformesTriakidaeMustelusravidusAustralian Grey Smooth-hound
0%
CarcharhiniformesScyliorhinidaeAtelomycterusmacleayiAustralian Marbled Catshark
0%
CarcharhiniformesScyliorhinidaeCephaloscylliumhiscosellumAustralian Reticulate Swellshark
0%
CarcharhiniformesScyliorhinidaeFigaroboardmaniAustralian Sawtail Catshark
0%
CarcharhiniformesCarcharhinidaeRhizoprionodontayloriAustralian Sharpnose Shark
0%
CarcharhiniformesScyliorhinidaeAsymbolusanalisAustralian Spotted Catshark
0%
CarcharhiniformesScyliorhinidaeCephaloscylliumlaticepsAustralian Swellshark
0%
CarcharhiniformesHemigaleidaeHemigaleusaustraliensisAustralian Weasel Shark
0%
SqualiformesSomniosidaeScymnodalatiasgarrickiAzores Dogfish
0%
CarcharhiniformesScyliorhinidaeBythaelurusbachiBach's Catshark
0%
CarcharhiniformesScyliorhinidaeAtelomycterusbaliensisBali Catshark
0%
CarcharhiniformesScyliorhinidaeCephaloscylliumsufflansBalloon Shark
0%
CarcharhiniformesTriakidaeTriakisscylliumBanded Houndshark
0%
CarcharhiniformesScyliorhinidaeAtelomycterusfasciatusBanded Sand Catshark
0%
CarcharhiniformesLeptochariidaeLeptochariassmithiiBarbeled Houndshark
0%
OrectolobiformesParascylliidaeCirrhoscylliumexpolitumBarbelthroat Carpetshark
0%
SqualiformesEtmopteridaeCentroscylliumkamoharaiBareskin Dogfish
0%
SqualiformesSqualidaeSqualusnotocaudatusBartail Spurdog
0%
CarcharhiniformesScyliorhinidaeParmaturusbigusBeige Catshark
0%
HexanchiformesHexanchidaeHexanchusnakamuraiBigeyed Sixgill Shark
0%
CarcharhiniformesTriakidaeIagoomanensisBigeye Houndshark
0%
CarcharhiniformesScyliorhinidaeApristurusbucephalusBighead Catshark
0%
SqualiformesSqualidaeSqualusbucephalusBighead Spurdog
0%
SqualiformesEtmopteridaeEtmopterusluciferBlackbelly Lanternshark
0%
SqualiformesCentrophoridaeCentrophorusisodonBlackfin Gulper Shark
0%
CarcharhiniformesScyliorhinidaeParmaturusmelanobranchusBlackgill Catshark
0%
CarcharhiniformesScyliorhinidaeGaleusmelastomusBlackmouth Catshark
0%
SqualiformesEtmopteridaeEtmopterusevansiBlackmouth Lanternshark
0%
CarcharhiniformesScyliorhinidaeApristurusmelanoasperBlack Roughscale Catshark
0%
CarcharhiniformesScyliorhinidaeHalaelurusbuergeriBlackspotted Catshark
0%
CarcharhiniformesTriakidaeMusteluspunctulatusBlackspotted Smooth-hound
0%
SqualiformesSqualidaeSqualusmelanurusBlacktailed Spurdog
0%
CarcharhiniformesScyliorhinidaeGaleussauteriBlacktip Sawtail Catshark
0%
CarcharhiniformesTriakidaeHypogaleushyugaensisBlacktip Tope
0%
CarcharhiniformesScyliorhinidaeAsymbolusfunebrisBlotched Catshark
0%
CarcharhiniformesScyliorhinidaeScyliorhinusmeadiBlotched Catshark
0%
CarcharhiniformesScyliorhinidaeCephaloscylliumumbratileBlotchy Swellshark
0%
SqualiformesEtmopteridaeEtmopterusviatorBlue-eye Lanternshark
0%
SqualiformesEtmopteridaeEtmopterusbigelowiBlurred Lanternshark
0%
CarcharhiniformesScyliorhinidaeScyliorhinusboaBoa Catshark
0%
CarcharhiniformesCarcharhinidaeLamiopsistephrodesBorneo Broadfin Shark
0%
SquatiniformesSquatinidaeSquatinavariiBrazilian Angelshark
0%
CarcharhiniformesScyliorhinidaeParmaturusangelaeBrazilian Filetail Catshark
0%
SqualiformesSqualidaeSqualusalbicaudusBrazilian Whitetail Dogfish
0%
CarcharhiniformesScyliorhinidaeBythaelurushispidusBristly Catshark
0%
SqualiformesEtmopteridaeEtmopterusgracilispinisBroadbanded Lanternshark
0%
CarcharhiniformesScyliorhinidaeGaleusnipponensisBroadfin Sawtail Catshark
0%
CarcharhiniformesCarcharhinidaeLamiopsistemminckiiBroadfin Shark
0%
CarcharhiniformesScyliorhinidaeApristurusriveriBroadgill Catshark
0%
CarcharhiniformesScyliorhinidaeBythaelurusclevaiBroadhead Catshark
0%
CarcharhiniformesScyliorhinidaeApristurusmacrostomusBroadmouth Catshark
0%
CarcharhiniformesScyliorhinidaeApristurusinvestigatorisBroadnose Catshark
0%
SqualiformesEtmopteridaeEtmopterusburgessiBroad-snout Lanternshark
0%
CarcharhiniformesScyliorhinidaeApristurusbrunneusBrown Catshark
0%
SqualiformesEtmopteridaeEtmopterusunicolorBrown Lanternshark
0%
CarcharhiniformesTriakidaeMustelushenleiBrown Smooth-hound
0%
CarcharhiniformesScyliorhinidaeScyliorhinusgarmaniBrownspotted Catshark
0%
CarcharhiniformesScyliorhinidaeApristuruspinguisBulldog Catshark
0%
OrectolobiformesHemiscylliidaeChiloscylliumburmensisBurmese Bamboo Shark
0%
CarcharhiniformesScyliorhinidaeParmaturuscampechiensisCampeche Catshark
0%
SqualiformesEtmopteridaeEtmopterushillianusCaribbean Lanternshark
0%
SqualiformesOxynotidaeOxynotuscaribbaeusCaribbean Roughshark
0%
CarcharhiniformesCarcharhinidaeRhizoprionodonporosusCaribbean Sharpnose Shark
0%
OrectolobiformesHemiscylliidaeHemiscylliumgaleiCenderawasih Epaulette Shark
0%
SquatiniformesSquatinidaeSquatinaarmataChilean Angelshark
0%
CarcharhiniformesScyliorhinidaeScyliorhinushachijoensisCinder Cloudy Catshark
0%
SquatiniformesSquatinidaeSquatinanebulosaClouded Angelshark
0%
CarcharhiniformesScyliorhinidaeScyliorhinustorazameCloudy Catshark
0%
OrectolobiformesOrectolobidaeSutorectustentaculatusCobbler Wobbegong
0%
OrectolobiformesParascylliidaeParascylliumcollareCollared Carpetshark
0%
SqualiformesEtmopteridaeCentroscylliumnigrumCombtooth Dogfish
0%
SqualiformesEtmopteridaeEtmopterusdecacuspidatusCombtoothed Lanternshark
0%
CarcharhiniformesTriakidaeMustelusmustelusCommon Smooth-hound
0%
CarcharhiniformesScyliorhinidaeScyliorhinuscomoroensisComoro Catshark
0%
CarcharhiniformesScyliorhinidaeCephaloscylliumcookiCook's Swellshark
0%
CarcharhiniformesCarcharhinidaeCarcharhinusfitzroyensisCreek Whaler
0%
HeterodontiformesHeterodontidaeHeterodontusgaleatusCrested Bullhead Shark
0%
CarcharhiniformesScyliorhinidaeHolohalaelurusmelanostigmaCrying Izak
0%
SqualiformesSqualidaeSqualuscubensisCuban Dogfish
0%
CarcharhiniformesProscylliidaeEridacnisbarbouriCuban Ribbontail Catshark
0%
SqualiformesEtmopteridaeEtmopteruscarteriCylindrical Lanternshark
0%
SqualiformesSqualidaeSqualusrancureliCyrano Spurdog
0%
CarcharhiniformesScyliorhinidaeScyliorhinusugoiDark Freckled Catshark
0%
CarcharhiniformesScyliorhinidaeHaploblepharuspictusDark Shyshark
0%
SquatiniformesSquatinidaeSquatinadavidDavid's Angelshark
0%
CarcharhiniformesScyliorhinidaeApristurusprofundorumDeepwater Catshark
0%
CarcharhiniformesTriakidaeHemitriakisabditaDeepwater Sicklefin Houndshark
0%
SqualiformesEtmopteridaeEtmopteruspycnolepisDense-scale Lanternshark
0%
SquatiniformesSquatinidaeSquatinaheteropteraDisparate Angelshark
0%
CarcharhiniformesScyliorhinidaeBythaeluruscanescensDusky Catshark
0%
CarcharhiniformesScyliorhinidaeBythaelurusnayloriDusky Snout Catshark
0%
CarcharhiniformesScyliorhinidaeScyliorhinustorreiDwarf Catshark
0%
CarcharhiniformesScyliorhinidaeAsymbolusparvusDwarf Catshark
0%
CarcharhiniformesPseudotriakidaePlanonasuspariniDwarf False Catshark
0%
SqualiformesCentrophoridaeCentrophorusatromarginatusDwarf Gulper Shark
0%
CarcharhiniformesScyliorhinidaeGaleusschultziDwarf Sawtail Catshark
0%
CarcharhiniformesTriakidaeMustelusminicanisDwarf Smooth-hound
0%
OrectolobiformesOrectolobidaeOrectolobusparvimaculatusDwarf Spotted Wobbegong
0%
SquatiniformesSquatinidaeSquatinaalbipunctataEastern Angelshark
0%
CarcharhiniformesScyliorhinidaeAtelomycterusmarnkalhaEastern Banded Catshark
0%
SqualiformesSqualidaeSqualusalbifronsEastern Highfin Spurdog
0%
SqualiformesSqualidaeSqualusgrahamiEastern Longnose Spurdog
0%
CarcharhiniformesTriakidaeMusteluswalkeriEastern Spotted Gummy Shark
0%
SqualiformesSqualidaeSqualusedmundsiEdmund's Spurdog
0%
OrectolobiformesParascylliidaeParascylliumelongatumElongate Carpet Shark
0%
CarcharhiniformesScyliorhinidaeBythaelurusstewartiError Seamount Catshark
0%
CarcharhiniformesPseudotriakidaePseudotriakismicrodonFalse Catshark
0%
SqualiformesEtmopteridaeEtmopteruspseudosqualiolusFalse Lanternshark
0%
SqualiformesSqualidaeSqualuscrassispinusFatspine Spurdog
0%
CarcharhiniformesScyliorhinidaeApristurusfedoroviFedorov's Catshark
0%
CarcharhiniformesScyliorhinidaeParmaturusxaniurusFiletail Catshark
0%
CarcharhiniformesCarcharhinidaeCarcharhinusisodonFinetooth Shark
0%
CarcharhiniformesScyliorhinidaeApristurusexsanguisFlaccid Catshark
0%
CarcharhiniformesScyliorhinidaeCephaloscylliumsignourumFlagtail Swellshark
0%
CarcharhiniformesTriakidaeScylliogaleusqueckettiFlapnose Houndshark
0%
CarcharhiniformesScyliorhinidaeApristurusmacrorhynchusFlathead Catshark
0%
OrectolobiformesOrectolobidaeOrectolobusfloridusFloral Banded Wobbegong
0%
CarcharhiniformesScyliorhinidaeScyliorhinushaeckeliiFreckled Catshark
0%
SqualiformesEtmopteridaeEtmopterusschultziFringefin Lanternshark
0%
SqualiformesSomniosidaeSomniosuslongusFrog Shark
0%
HeterodontiformesHeterodontidaeHeterodontusquoyiGalapagos Bullhead Shark
0%
CarcharhiniformesScyliorhinidaeApristurusgarrickiGarrick's Catshark
0%
CarcharhiniformesScyliorhinidaeGaleuseastmaniGecko Catshark
0%
SqualiformesSqualidaeSqualusclarkaeGenie's Dogfish
0%
CarcharhiniformesScyliorhinidaeApristurusmanisGhost Catshark
0%
OrectolobiformesParascylliidaeParascylliumsparsimaculatumGinger Carpetshark
0%
CarcharhiniformesProscylliidaeProscylliumhabereriGraceful Catshark
0%
SqualiformesEtmopteridaeCentroscylliumgranulatumGranular Dogfish
0%
CarcharhiniformesTriakidaeMusteluscalifornicusGray Smooth-hound
0%
SqualiformesEtmopteridaeEtmopterusprincepsGreat Lanternshark
0%
SqualiformesSqualidaeSqualuschloroculusGreeneye Spurdog
0%
SqualiformesEtmopteridaeEtmopterusvirensGreen Lanternshark
0%
CarcharhiniformesCarcharhinidaeRhizoprionodonoligolinxGrey Sharpnose Shark
0%
CarcharhiniformesScyliorhinidaeHolohalaelurusgrennianGrinning Izak
0%
CarcharhiniformesScyliorhinidaeAsymbolusvincentiGulf Catshark
0%
CarcharhiniformesTriakidaeMustelussinusmexicanusGulf Smooth-hound
0%
OrectolobiformesOrectolobidaeOrectolobushaleiGulf Wobbegong
0%
OrectolobiformesHemiscylliidaeHemiscylliumhalmaheraHalmahera Epaulette Shark
0%
CarcharhiniformesCarcharhinidaeCarcharhinusmaclotiHardnose Shark
0%
CarcharhiniformesProscylliidaeCtenacisfehlmanniHarlequin Catshark
0%
OrectolobiformesHemiscylliidaeChiloscylliumhasseltiiHasselt's Bamboo Shark
0%
SqualiformesEtmopteridaeEtmopterusvillosusHawaiian Lanternshark
0%
SqualiformesSqualidaeSqualushawaiiensisHawaiian Spurdog
0%
SquatiniformesSquatinidaeSquatinaoccultaHidden Angelshark
0%
SqualiformesEtmopteridaeCentroscylliumexcelsumHighfin Dogfish
0%
CarcharhiniformesScyliorhinidaeApristuruscanutusHoary Catshark
0%
CarcharhiniformesScyliorhinidaeHolohalaelurusfavusHoneycomb Izak
0%
OrectolobiformesHemiscylliidaeHemiscylliumstrahaniHooded Carpetshark
0%
SqualiformesEtmopteridaeAculeolanigraHooktooth Dogfish
0%
CarcharhiniformesHemigaleidaeChaenogaleusmacrostomaHooktooth Shark
0%
CarcharhiniformesCarcharhinidaeCarcharhinushumaniHuman's Whaler Shark
0%
CarcharhiniformesScyliorhinidaeApristurusgibbosusHumpback Catshark
0%
CarcharhiniformesTriakidaeMusteluswhitneyiHumpback Smooth-hound
0%
SqualiformesSqualidaeSqualusquasimodoHumpback Western Dogfish
0%
CarcharhiniformesScyliorhinidaeCephaloscylliumsilasiIndian Swellshark
0%
SquatiniformesSquatinidaeSquatinalegnotaIndonesian Angelshark
0%
CarcharhiniformesTriakidaeHemitriakisindroyonoiIndonesian Houndshark
0%
SqualiformesSqualidaeSqualushemipinnisIndonesian Shortsnout Spurdog
0%
OrectolobiformesHemiscylliidaeHemiscylliumfreycinetiIndonesian Speckled Carpetshark
0%
CarcharhiniformesScyliorhinidaeHalaelurusmaculosusIndonesian Speckled Catshark
0%
CarcharhiniformesCarcharhinidaeCarcharhinustjutjotIndonesian Whaler Shark
0%
OrectolobiformesOrectolobidaeOrectolobusleptolineatusIndonesian Wobbegong
0%
CarcharhiniformesScyliorhinidaeHolohalaelurusreganiIzak Catshark
0%
CarcharhiniformesScyliorhinidaeScyliorhinustokubeeIzu Catshark
0%
CarcharhiniformesScyliorhinidaeBythaelurusgiddingsiJaguar Catshark
0%
SquatiniformesSquatinidaeSquatinajaponicaJapanese Angelshark
0%
HeterodontiformesHeterodontidaeHeterodontusjaponicusJapanese Bullhead Shark
0%
CarcharhiniformesScyliorhinidaeApristurusjaponicusJapanese Catshark
0%
SqualiformesOxynotidaeOxynotusjaponicusJapanese Roughshark
0%
SqualiformesSqualidaeSqualusbrevirostrisJapanese Shortnose Spurdog
0%
SqualiformesSqualidaeSqualusjaponicusJapanese Spurdog
0%
CarcharhiniformesTriakidaeHemitriakisjapanicaJapanese Topeshark
0%
SqualiformesSomniosidaeScymnodonichiharaiJapanese Velvet Dogfish
0%
OrectolobiformesOrectolobidaeOrectolobusjaponicusJapanese Wobbegong
0%
PristiophoriformesPristiophoridaePliotremakajaeKaja's Sixgill Sawshark
0%
SqualiformesSqualidaeSqualusraoulensisKermadec Spiny Dogfish
0%
SqualiformesSomniosidaeScymnodonringensKnifetooth Dogfish
0%
SqualiformesEtmopteridaeEtmopteruslailaeLaila's Lanternshark
0%
PristiophoriformesPristiophoridaePristiophoruslanaeLana's Sawshark
0%
CarcharhiniformesScyliorhinidaeApristurusnasutusLargenose Catshark
0%
SqualiformesSomniosidaeScymnodonmacracanthusLargespine Velvet Dogfish
0%
SqualiformesDalatiidaeIsistiusplutodusLargetooth Cookiecutter Shark
0%
SqualiformesCentrophoridaeCentrophorussquamosusLeafscale Gulper Shark
0%
CarcharhiniformesScyliorhinidaePorodermapantherinumLeopard Catshark
0%
OrectolobiformesHemiscylliidaeHemiscylliummichaeliLeopard Epaulette Shark
0%
CarcharhiniformesScyliorhinidaeHalaeluruslineatusLined Catshark
0%
SqualiformesEtmopteridaeEtmopterusbullisiLined Lanternshark
0%
SqualiformesEtmopteridaeEtmopterusdislineatusLined Lanternshark
0%
SqualiformesCentrophoridaeCentrophorusuyatoLittle Gulper Shark
0%
SqualiformesSomniosidaeSomniosusrostratusLittle Sleeper Shark
0%
CarcharhiniformesScyliorhinidaeSchroederichthyssaurisqualusLizard Catshark
0%
CarcharhiniformesScyliorhinidaeApristurusherklotsiLongfin Catshark
0%
CarcharhiniformesScyliorhinidaeGaleuscadenatiLongfin Sawtail Catshark
0%
CarcharhiniformesScyliorhinidaeApristuruslongicephalusLonghead Catshark
0%
CarcharhiniformesScyliorhinidaeApristuruskampaeLongnose Catshark
0%
CarcharhiniformesTriakidaeIagogarrickiLongnose Houndshark
0%
SqualiformesDalatiidaeHeteroscymnoidesmarleyiLongnose Pygmy Shark
0%
CarcharhiniformesScyliorhinidaeGaleuslongirostrisLongnose Sawtail Catshark
0%
SqualiformesSqualidaeSqualusblainvilleLongnose Spurdog
0%
SqualiformesSomniosidaeCentroselachuscrepidaterLongnose Velvet Dogfish
0%
SqualiformesCentrophoridaeDeaniaquadrispinosaLongsnout Dogfish
0%
SqualiformesCentrophoridaeCentrophoruslusitanicusLowfin Gulper Shark
0%
CarcharhiniformesProscylliidaeProscylliummagnificumMagnificent Catshark
0%
SqualiformesSqualidaeCirrhigaleusbarbiferMandarin Dogfish
0%
CarcharhiniformesTriakidaeMustelusmangalorensisMangalore Houndshark
0%
CarcharhiniformesScyliorhinidaeApristurusmanocherianiManocherian's Catshark
0%
SqualiformesEtmopteridaeEtmopterusmarshaeMarsha's Lanternshark
0%
CarcharhiniformesScyliorhinidaeParmaturusmacmillaniMcMillan's Catshark
0%
SquatiniformesSquatinidaeSquatinamexicanaMexican Angelshark
0%
HeterodontiformesHeterodontidaeHeterodontusmexicanusMexican Hornshark
0%
CarcharhiniformesScyliorhinidaeApristurusnakayaiMilk-eye Catshark
0%
SqualiformesCentrophoridaeCentrophorustessellatusMosaic Gulper Shark
0%
CarcharhiniformesScyliorhinidaeGaleusmurinusMouse Catshark
0%
CarcharhiniformesScyliorhinidaeBythaeluruslutariusMud Catshark
0%
CarcharhiniformesScyliorhinidaeCephaloscylliumzebrumNarrowbar Swellshark
0%
CarcharhiniformesTriakidaeMustelusnorrisiNarrowfin Smooth-hound
0%
CarcharhiniformesScyliorhinidaeBythaelurustenuicephalusNarrowhead Catshark
0%
CarcharhiniformesScyliorhinidaeSchroederichthysbiviusNarrowmouthed Catshark
0%
CarcharhiniformesTriakidaeMustelusschmittiNarrownose Smooth-hound
0%
CarcharhiniformesScyliorhinidaeSchroederichthysmaculatusNarrowtail Catshark
0%
CarcharhiniformesScyliorhinidaeHaploblepharuskistnasamyiNatal Shyshark
0%
OrectolobiformesParascylliidaeParascylliumvariolatumNecklace Carpetshark
0%
OrectolobiformesOrectolobidaeOrectolobusreticulatusNetwork Wobbegong
0%
CarcharhiniformesScyliorhinidaeAulohalaeluruskanakorumNew Caledonia Catshark
0%
CarcharhiniformesScyliorhinidaeBythaelurusdawsoniNew Zealand Catshark
0%
SqualiformesEtmopteridaeEtmopterusbaxteriNew Zealand Lanternshark
0%
CarcharhiniformesCarcharhinidaeCarcharhinussignatusNight Shark
0%
SqualiformesEtmopteridaeEtmopterusbenchleyiNinja Lanternshark
0%
SqualiformesSqualidaeSqualusbahiensisNortheastern Brazilian Dogfish
0%
CarcharhiniformesScyliorhinidaeFigarostriatusNorthern Sawtail Catshark
0%
SqualiformesSqualidaeSqualusgriffiniNorthern Spiny Dogfish
0%
OrectolobiformesOrectolobidaeOrectolobuswardiNorthern Wobbegong
0%
CarcharhiniformesScyliorhinidaeScyliorhinusstellarisNursehound
0%
SquatiniformesSquatinidaeSquatinatergocellatoidesOcellated Angelshark
0%
CarcharhiniformesTriakidaeHemitriakiscomplicofasciataOcellate Topeshark
0%
HeterodontiformesHeterodontidaeHeterodontusomanensisOman Bullhead Shark
0%
CarcharhiniformesScyliorhinidaePentanchusprofundicolusOnefin Catshark
0%
CarcharhiniformesScyliorhinidaeAsymbolusrubiginosusOrange-spotted Catshark
0%
SquatiniformesSquatinidaeSquatinatergocellataOrnate Angelshark
0%
SqualiformesEtmopteridaeCentroscylliumornatumOrnate Dogfish
0%
OrectolobiformesOrectolobidaeOrectolobusornatusOrnate Wobbegong
0%
CarcharhiniformesCarcharhinidaeCarcharhinuscerdalePacific Smalltail Shark
0%
SqualiformesSqualidaeSqualussuckleyiPacific Spiny Dogfish
0%
CarcharhiniformesScyliorhinidaeCephaloscylliumpictumPainted Swellshark
0%
CarcharhiniformesScyliorhinidaeApristurussibogaePal Catshark
0%
CarcharhiniformesScyliorhinidaeAsymboluspallidusPale Spotted Catshark
0%
CarcharhiniformesScyliorhinidaeApristurusstenseniPanama Ghost Catshark
0%
OrectolobiformesHemiscylliidaeHemiscylliumhallstromiPapuan Epaulette Shark
0%
SqualiformesEtmopteridaeEtmopterussamadiaePapuan Lanternshark
0%
CarcharhiniformesScyliorhinidaeGaleuspiperatusPeppered Catshark
0%
CarcharhiniformesScyliorhinidaeGaleuspriapusPhallic Catshark
0%
SquatiniformesSquatinidaeSquatinacaillietiPhilippines Angelshark
0%
SqualiformesSqualidaeSqualusmontalbaniPhilippine Spurdog
0%
CarcharhiniformesScyliorhinidaeGaleusfriedrichiPhilippines Sawtail Catshark
0%
SqualiformesEtmopteridaeEtmopterusdianthusPink Lanternshark
0%
CarcharhiniformesScyliorhinidaeApristurusaustralisPinocchio Catshark
0%
SqualiformesSomniosidaeScymnodonplunketiPlunket Shark
0%
CarcharhiniformesCarcharhinidaeCarcharhinushemiodonPondicherry Shark
0%
SqualiformesSomniosidaeCentroscymnuscoelolepisPortuguese Dogfish
0%
SqualiformesOxynotidaeOxynotusbruniensisPrickly Dogfish
0%
CarcharhiniformesPseudotriakidaePlanonasusindicusPygmy False Catshark
0%
SqualiformesEtmopteridaeEtmopterusfususPygmy Lanternshark
0%
CarcharhiniformesProscylliidaeEridacnisradcliffeiPygmy Ribbontail Catshark
0%
CarcharhiniformesScyliorhinidaeHalaelurusquaggaQuagga Catshark
0%
SqualiformesEtmopteridaeEtmopterussheikoiRasptooth Dogfish
0%
CarcharhiniformesScyliorhinidaeSchroederichthyschilensisRedspotted Catshark
0%
CarcharhiniformesScyliorhinidaeCephaloscylliumfasciatumReticulated Swellshark
0%
SqualiformesCentrophoridaeDeaniahystricosaRough Longnose Dogfish
0%
CarcharhiniformesScyliorhinidaeApristurusamplicepsRoughskin Catshark
0%
SqualiformesSomniosidaeCentroscymnusowstoniiRoughskin Dogfish
0%
SqualiformesSqualidaeCirrhigaleusasperRoughskin Spurdog
0%
CarcharhiniformesScyliorhinidaeGaleusaraeRoughtail Catshark
0%
OrectolobiformesParascylliidaeParascylliumferrugineumRusty Carpetshark
0%
CarcharhiniformesScyliorhinidaeHalaelurussellusRusty Catshark
0%
OrectolobiformesParascylliidaeCirrhoscylliumjaponicumSaddle Carpetshark
0%
CarcharhiniformesScyliorhinidaeCephaloscylliumvariegatumSaddled Swellshark
0%
CarcharhiniformesTriakidaeGogoliafilewoodiSailback Houndshark
0%
SqualiformesOxynotidaeOxynotusparadoxusSailfin Roughshark
0%
CarcharhiniformesScyliorhinidaeParmaturuspilosusSalamander Shark
0%
CarcharhiniformesScyliorhinidaeApristurussaldanhaSaldanha Catshark
0%
SquatiniformesSquatinidaeSquatinadumerilSand Devil
0%
CarcharhiniformesScyliorhinidaeCephaloscylliumsarawakensisSarawak Pygmy Swellshark
0%
SqualiformesEtmopteridaeEtmopterussculptusSculpted Lanternshark
0%
SqualiformesSqualidaeSqualuslalanneiSeychelles Spurdog
0%
CarcharhiniformesTriakidaeTriakisacutipinnaSharpfin Houndshark
0%
CarcharhiniformesTriakidaeTriakismegalopterusSharptooth Houndshark
0%
CarcharhiniformesTriakidaeMustelusdorsalisSharptooth Smooth-hound
0%
SqualiformesSomniosidaeScymnodalatiassherwoodiSherwood Dogfish
0%
SqualiformesSqualidaeSqualusshiraiiShirai's Spurdog
0%
CarcharhiniformesScyliorhinidaeApristurusbreviventralisShortbelly Catshark
0%
SqualiformesEtmopteridaeEtmopterusjoungiShortfin Smooth Lanternshark
0%
CarcharhiniformesScyliorhinidaeApristurusinternatusShortnose Demon Catshark
0%
PristiophoriformesPristiophoridaePristiophorusnudipinnisShortnose Sawshark
0%
SqualiformesSqualidaeSqualusmegalopsShortnose Spurdog
0%
SqualiformesSqualidaeSqualusmitsukuriiShortspine Spurdog
0%
SqualiformesEtmopteridaeEtmopterusbrachyurusShort-tail Lanternshark
0%
OrectolobiformesGinglymostomatidaePseudoginglymostomabrevicaudatumShort-tail Nurse Shark
0%
CarcharhiniformesTriakidaeHemitriakisfalcataSicklefin Houndshark
0%
CarcharhiniformesTriakidaeMusteluslunulatusSicklefin Smooth-hound
0%
PristiophoriformesPristiophoridaePliotremawarreniSixgill Sawshark
0%
OrectolobiformesHemiscylliidaeChiloscylliumindicumSlender Bamboo Shark
0%
CarcharhiniformesScyliorhinidaeSchroederichthystenuisSlender Catshark
0%
CarcharhiniformesScyliorhinidaeGaleusgracilisSlender Sawtail Catshark
0%
CarcharhiniformesPseudotriakidaeGollumattenuatusSlender Smooth-hound
0%
SqualiformesEtmopteridaeEtmopterusmolleriSlendertail Lanternshark
0%
CarcharhiniformesHemigaleidaeParagaleusrandalliSlender Weasel Shark
0%
CarcharhiniformesCarcharhinidaeLoxodonmacrorhinusSliteye Shark
0%
CarcharhiniformesScyliorhinidaeApristurusindicusSmallbelly Catshark
0%
SquatiniformesSquatinidaeSquatinamapamaSmall-crested Angelshark
0%
CarcharhiniformesScyliorhinidaeApristurusmicropterygeusSmalldorsal Catshark
0%
CarcharhiniformesScyliorhinidaeApristurusmicropsSmalleye Catshark
0%
SqualiformesEtmopteridaeEtmopteruslitvinoviSmalleye Lanternshark
0%
CarcharhiniformesTriakidaeMustelushigmaniSmalleye Smooth-hound
0%
CarcharhiniformesScyliorhinidaeApristurusparvipinnisSmallfin Catshark
0%
SquatiniformesSquatinidaeSquatinaoculataSmoothback Angelshark
0%
SqualiformesEtmopteridaeEtmopteruspusillusSmooth Lanternshark
0%
CarcharhiniformesCarcharhinidaeCarcharhinusleiodonSmoothtooth Blacktip Shark
0%
CarcharhiniformesScyliorhinidaeBythaelurusincanusSombre Catshark
0%
CarcharhiniformesScyliorhinidaeApristurussinensisSouth China Catshark
0%
SqualiformesCentrophoridaeCentrophoruszeehaaniSouthern Dogfish
0%
SqualiformesEtmopteridaeEtmopterusgranulosusSouthern Lanternshark
0%
SqualiformesSqualidaeCirrhigaleusaustralisSouthern Mandarin Dogfish
0%
CarcharhiniformesScyliorhinidaeGaleusmincaroneiSouthern Sawtail Catshark
0%
SqualiformesSomniosidaeScymnodalatiasoligodonSparsetooth Dogfish
0%
CarcharhiniformesScyliorhinidaeApristurusplatyrhynchusSpatulasnout Catshark
0%
OrectolobiformesHemiscylliidaeHemiscylliumtrispeculareSpeckled Carpetshark
0%
CarcharhiniformesScyliorhinidaeHalaelurusboesemaniSpeckled Catshark
0%
CarcharhiniformesTriakidaeMustelusmentoSpeckled Smooth-hound
0%
CarcharhiniformesScyliorhinidaeCephaloscylliumspeccumSpeckled Swellshark
0%
SqualiformesDalatiidaeSqualioluslaticaudusSpined Pygmy Shark
0%
CarcharhiniformesScyliorhinidaeApristurusspongicepsSpongehead Catshark
0%
CarcharhiniformesScyliorhinidaeBythaelurusimmaculatusSpotless Catshark
0%
CarcharhiniformesTriakidaeMustelusgriseusSpotless Smooth-hound
0%
CarcharhiniformesCarcharhinidaeCarcharhinussorrahSpot-tail Shark
0%
CarcharhiniformesScyliorhinidaeAtelomycteruserdmanniSpotted-belly Catshark
0%
CarcharhiniformesTriakidaeMusteluslenticulatusSpotted Estuary Smooth-hound
0%
CarcharhiniformesTriakidaeTriakismaculataSpotted Houndshark
0%
CarcharhiniformesProscylliidaeProscylliumvenustumSpotted Smooth Dogfish
0%
CarcharhiniformesScyliorhinidaeGaleusspringeriSpringer's Sawtail Catshark
0%
CarcharhiniformesScyliorhinidaeAsymbolusgalacticusStarry Catshark
0%
CarcharhiniformesTriakidaeMustelusmanazoStarspotted Smooth-hound
0%
CarcharhiniformesScyliorhinidaeCephaloscylliumstevensiSteven's Swellshark
0%
CarcharhiniformesTriakidaeMustelusfasciatusStriped Smooth-hound
0%
CarcharhiniformesPseudotriakidaeGollumsuluensisSulu Gollumshark
0%
SqualiformesEtmopteridaeEtmopteruscaudistigmusTailspot Lanternshark
0%
SquatiniformesSquatinidaeSquatinaformosaTaiwan Angelshark
0%
OrectolobiformesParascylliidaeCirrhoscylliumformosanumTaiwan Saddled Carpetshark
0%
SqualiformesSqualidaeSqualusformosusTaiwan Spurdog
0%
SqualiformesEtmopteridaeEtmopterussentosusThorny Lanternshark
0%
CarcharhiniformesScyliorhinidaeHalaelurusnatalensisTiger Catshark
0%
OrectolobiformesHemiscylliidaeHemiscylliumhenryiTriton Epaulette Shark
0%
PristiophoriformesPristiophoridaePristiophorusdelicatusTropical Sawshark
0%
CarcharhiniformesScyliorhinidaeAsymbolussubmaculatusVariegated Catshark
0%
CarcharhiniformesScyliorhinidaeParmaturuslanatusVelvet Catshark
0%
SqualiformesSomniosidaeZameussquamulosusVelvet Dogfish
0%
CarcharhiniformesScyliorhinidaeBythaelurusvivaldiiVivaldi's Catshark
0%
CarcharhiniformesScyliorhinidaeScyliorhinuscervigoniWest African Catshark
0%
SquatiniformesSquatinidaeSquatinapseudocellataWestern Angelshark
0%
SqualiformesCentrophoridaeCentrophoruswestraliensisWestern Gulper Shark
0%
SqualiformesSqualidaeSqualusaltipinnisWestern Highfin Spurdog
0%
SqualiformesSqualidaeSqualusnasutusWestern Longnose Spurdog
0%
CarcharhiniformesScyliorhinidaeAsymbolusocciduusWestern Spotted Catshark
0%
CarcharhiniformesTriakidaeMustelusstevensiWestern Spotted Gummy Shark
0%
OrectolobiformesOrectolobidaeOrectolobushutchinsiWestern Wobbegong
0%
SqualiformesEtmopteridaeEtmopterusrobinsiWest Indian Lanternshark
0%
CarcharhiniformesTriakidaeFurgaleusmackiWhiskery Shark
0%
CarcharhiniformesScyliorhinidaeApristurusalbisomaWhite-bodied Catshark
0%
SqualiformesEtmopteridaeEtmopterusalphusWhitecheek Lanternshark
0%
CarcharhiniformesCarcharhinidaeCarcharhinusdussumieriWhitecheek Shark
0%
CarcharhiniformesScyliorhinidaeParmaturusalbipenisWhite-clasper Catshark
0%
SqualiformesEtmopteridaeCentroscylliumritteriWhitefin Dogfish
0%
CarcharhiniformesTriakidaeMusteluswidodoiWhite-fin Smooth-hound
0%
CarcharhiniformesScyliorhinidaeCephaloscylliumalbipinnumWhitefin Swellshark
0%
CarcharhiniformesTriakidaeHemitriakisleucoperipteraWhitefin Topeshark
0%
CarcharhiniformesScyliorhinidaeApristurusaphyodesWhite Ghost Catshark
0%
CarcharhiniformesTriakidaeMustelusalbipinnisWhite-margin Fin Smooth-hound
0%
CarcharhiniformesScyliorhinidaeScyliorhinushesperiusWhitesaddled Catshark
0%
HeterodontiformesHeterodontidaeHeterodontusramalheiraWhitespotted Bullhead Shark
0%
CarcharhiniformesScyliorhinidaeHolohalaeluruspunctatusWhite-spotted Izak
0%
CarcharhiniformesTriakidaeMusteluspalumbesWhitespotted Smooth-hound
0%
SqualiformesSomniosidaeScymnodalatiasalbicaudaWhitetail Dogfish
0%
CarcharhiniformesScyliorhinidaeParmaturusalbimarginatusWhite-tip Catshark
0%
CarcharhiniformesHemigaleidaeParagaleusleucolomatusWhitetip Weasel Shark
0%
CarcharhiniformesScyliorhinidaeScyliorhinuscapensisYellowspotted Catshark
0%

Score Distribution

Percentile by Number Answered

Percent of People with Each Score

Your Score History

You have not taken this quiz